Die 14 größten Fußballstadien in Hamburg - Statistiken

Allgemein
  • Dieses Quiz wurde 16 mal gespielt
  • Das Durchschnittsergebnis liegt bei 2 aus 14
Antwortstatistiken
Kapazität Stadion % Korrekt
57.000 Volksparkstadion (Hamburg-Bahrenfeld)
100%
29.546 Millerntor-Stadion (Hamburg-St. Pauli)
47%
8.000 Adolf-Jäger-Kampfbahn (Hamburg-Ottensen)
27%
5.004 Stadion Hoheluft (Hamburg-Eppendorf)
27%
6.000 Jahnkampfbahn (Hamburg-Winterhude)
13%
25.000 Billtalstadion (Hamburg-Bergedorf)
7%
5.000 Sportanlage Vorhornweg (Hamburg-Lurup)
7%
8.000 Charly-Dörfel-Platz (Hamburg-Harburg)
0%
5.000 Dr.-Herrmann-Schnell-Sportplatz (Hamburg-Altona)
0%
6.500 Rudi-Barth-Sportanlage (Hamburg-Altona)
0%
5.000 Sportanlage Gropiusring (Hamburg-Steilshoop)
0%
5.000 Sportanlage Kandinskyallee (Hamburg-Mümmelmannsberg)
0%
7.000 Stadion Hammer Park (Hamburg-Hamm)
0%
5.000 Wilhelm-Lindemann-Sportanlage (Hamburg-Lohbrügge)
0%
Keine übereinstimmenden Quizze gefunden
Verteilung der Resultate
Anzahl Personen mit jedem Resultat
Perzentil nach korrekt beantworteten Fragen
Ihre Resultats-Entwicklung
Sie haben dieses Quiz noch nicht gespielt